000 00426nam a2200181Ia 4500
001 18684
005 20260306171648.0
008 260306s9999||||xx |||||||||||||| ||und||
041 _aESP
082 _a658.452
_bD281
100 _aDuarte, Nancy
_eAUT
245 0 _aPresentaciones persuasivas
260 _c2016
300 _axvii, 239 páginas :
_c23 cm.
650 _aGEN
654 _aCAN
942 _cLIB
_dJUS
_fJUS
_2ddc
_n
999 _c18684
_d18684